Narraciones / (Registro nro. 32567)
[ vista simple ]
| 000 -CABECERA | |
|---|---|
| campo fijo de control de longitud | 00741nam a22002297a 4500 |
| 001 - NÚMERO DE CONTROL | |
| campo de control | 32567 |
| 003 - IDENTIFICADOR DEL NÚMERO DE CONTROL | |
| campo de control | AR-RoBPED |
| 005 - FECHA Y HORADE LA ULTIMA TRANSACCION | |
| campo de control | 20260414131957.0 |
| 008 - ELEMENTOS DE LONGITUD FIJA--INFORMACION GENERAL | |
| campo fijo de control de longitud | 260413s1970 sp ||||er|||| 001 1 spa d |
| 040 ## - FUENTE CATALOGADORA | |
| Centro catalogador/agencia de origen | AR-RoBPED |
| 041 ## - IDIOMA | |
| Código de idioma para texto/pista de sonido o título independiente | spa |
| 100 1# - ENCABEZAMIENTO PRINCIPAL--AUTOR PERSONAL | |
| Nombre de persona | Chejov, Anton Pavlovich |
| Fechas nac-muerte | 1860-1904 |
| 9 (RLIN) | 15983 |
| 245 10 - TITULO | |
| Título | Narraciones / |
| Mención de responsabilidad | Anton P. Chejov ; prólogo de José Lain Entralgo. |
| 260 ## - PUBLICACION | |
| Lugar | Estella [Navarra] : |
| Editor | Salvat, |
| Fecha | 1970. |
| 300 ## - DESCRIPCION FISICA | |
| Extensión | 170 p. |
| 490 0# - SERIE | |
| Mención de serie | (Biblioteca Básica Salvat ; |
| Designación de volumen o secuencia | N° 48) |
| 650 #4 - TERMINO DE MATERIA--CONTROLADO | |
| Término controlado | LITERATURA RUSA |
| 9 (RLIN) | 3413 |
| Término controlado | CUENTOS |
| 9 (RLIN) | 291 |
| 700 1# - ENCABEZAMIENTO SECUNDARIO--AUTOR PERSONAL | |
| Nombre de persona | Laín Entralgo, José |
| Fecha de nac-muerte | 1910-1972 |
| 9 (RLIN) | 29867 |
| Función | prol. |
| 942 ## - ELEMENTOS KOHA | |
| Fuente de clasificación | Universal Decimal Classification |
| Koha tipo de ítem | Libro |
| Clasificación | 882-3 |
| Signatura librística | Ch 33 n |
| Inventario | Inv. 42322 |
| Número Koha | K. 32567 |
| 945 ## - PROCESAMIENTO DE LA INFORMACIÓN LOCAL | |
| Catalogador y fecha | ssanchez 13/04/26 - cd 14/04/2026 |
| Estado retirado | Estado perdido | Fuente de clasificación | Estado dañado | No se presta | Biblioteca propietaria | Biblioteca de reserva | Fecha de adquisición | Procedencia | Total de préstamos | Signatura topográfica completa | Código de barras (nº de inventario) | Fecha visto por última vez | Catalogador y fecha | Tipo de ítem Koha | Nota pública |
|---|---|---|---|---|---|---|---|---|---|---|---|---|---|---|---|
| Universal Decimal Classification | Biblioteca Pedagógica Eudoro Díaz | Biblioteca Pedagógica Eudoro Díaz | 27/03/2026 | Donación | 882-3 Ch 33 n | 42322 | 13/04/2026 | ssanchez 13/04/26 | Libro | Se presta 15 días |